Die Orden und Kongregationen der katholischen Kirche / (Record n. 26073)
[ formato base ]
| 000 -LEADER | |
|---|---|
| fixed length control field | 00814nam a2200229 i 4500 |
| 003 - CONTROL NUMBER IDENTIFIER | |
| control field | IT-RoINE |
| 005 - DATE AND TIME OF LATEST TRANSACTION | |
| control field | 20190612061716.0 |
| 008 - FIXED-LENGTH DATA ELEMENTS--GENERAL INFORMATION | |
| fixed length control field | 800102s1965 gw r 001 | ger d |
| 040 ## - CATALOGING SOURCE | |
| Original cataloging agency | DLC |
| Transcribing agency | IObT IT-RoINE |
| Modifying agency | DLC |
| -- | IT-RoINE |
| 100 1# - MAIN ENTRY--PERSONAL NAME | |
| Personal name | Heimbucher, Max, |
| Dates associated with a name | 1859-1946 |
| 9 (RLIN) | 51644 |
| 245 14 - TITLE STATEMENT | |
| Title | Die Orden und Kongregationen der katholischen Kirche / |
| Statement of responsibility, etc | Max Heimbucher. |
| 250 ## - EDITION STATEMENT | |
| Edition statement | 3., grossenteils neubearb. Aufl. Neudruck der 1. Ausg. Paderborn 1933. |
| 260 ## - PUBLICATION, DISTRIBUTION, ETC. (IMPRINT) | |
| Place of publication, distribution, etc | München : |
| -- | Paderborn; |
| -- | Wien : |
| Name of publisher, distributor, etc | F. Schöninghe; |
| Place of publication, distribution, etc | Aalen : |
| Name of publisher, distributor, etc | Scientia Verlag, |
| Date of publication, distribution, etc | 1965. |
| 300 ## - PHYSICAL DESCRIPTION | |
| Extent | 2 v. ; |
| Dimensions | 23 cm. |
| 336 ## - CONTENT TYPE | |
| Source | rdacontent |
| Content type term | text |
| 337 ## - MEDIA TYPE | |
| Source | rdamedia |
| Media type term | unmediated |
| 338 ## - CARRIER TYPE | |
| Source | rdacarrier |
| Carrier type term | volume |
| 500 ## - GENERAL NOTE | |
| General note | Incluye índices. |
| 504 ## - BIBLIOGRAPHY, ETC. NOTE | |
| Bibliography, etc | Incluye bibliografía. |
| 650 #4 - SUBJECT ADDED ENTRY--TOPICAL TERM | |
| 9 (RLIN) | 8735 |
| Topical term or geographic name as entry element | Monacato y órdenes religiosas |
| 942 ## - ADDED ENTRY ELEMENTS (KOHA) | |
| Item type | Monografías |
| Withdrawn status | Lost status | Damaged status | Not for loan | Home library | Current library | Date acquired | Total Checkouts | Full call number | Barcode | Date last seen | Price effective from | Koha item type | Public note |
|---|---|---|---|---|---|---|---|---|---|---|---|---|---|
| Iglesia Nacional Española en Roma | Iglesia Nacional Española en Roma | 13/07/2018 | HIS.ECL 204.1 | 51667 | 13/07/2018 | 13/07/2018 | Monografías | 1. Bd. | |||||
| Iglesia Nacional Española en Roma | Iglesia Nacional Española en Roma | 13/07/2018 | HIS.ECL 204.2 | 51668 | 13/07/2018 | 13/07/2018 | Monografías | 2. Bd. |